00405nam a2200133Ia 4500020001800000082001600018245006700034260004100101300001400142650003000156650002400186650003300210700002800243 a9789382059233 a025.04 FRO; 0aFrom brick to click: transforming libraries into social spaces aNew DelhibSynergy Books Indiac2014 axiv, 489p aDIGITAL LIBRARIES - INDIA aDATA MINING - INDIA aKNOWLEDGE MANAGEMENT - INDIA aTariq Ashraf...[et al.]